आयुर्वेद: विभिन्न पहलू (Record no. 1259197)
[ view plain ]
| 000 -LEADER | |
|---|---|
| fixed length control field | 00758nam a2200193Ia 4500 |
| 008 - FIXED-LENGTH DATA ELEMENTS--GENERAL INFORMATION | |
| fixed length control field | 151121s9999||||xx |||||||||||||| ||und|| |
| 082 ## - DEWEY DECIMAL CLASSIFICATION NUMBER | |
| Classification number | 615।537/गर्ग |
| 082 ## - DEWEY DECIMAL CLASSIFICATION NUMBER | |
| Item number | HNW-77789 |
| 100 ## - MAIN ENTRY--PERSONAL NAME | |
| Personal name | गर्ग लक्ष्मीनारायण |
| 245 ## - TITLE STATEMENT | |
| Title | आयुर्वेद: विभिन्न पहलू |
| 260 ## - PUBLICATION, DISTRIBUTION, ETC. (IMPRINT) | |
| Name of publisher, distributor, etc | "नेशनल बुक ट्रस्ट, इंडिया" |
| 260 ## - PUBLICATION, DISTRIBUTION, ETC. (IMPRINT) | |
| Date of publication, distribution, etc | -- |
| 300 ## - PHYSICAL DESCRIPTION | |
| Extent | 130 |
| 600 ## - SUBJECT ADDED ENTRY--PERSONAL NAME | |
| Personal name | गर्ग लक्ष्मीनारायण |
| 630 ## - SUBJECT ADDED ENTRY--UNIFORM TITLE | |
| Uniform title | आयुर्वेद: विभिन्न पहलू |
| 700 ## - ADDED ENTRY--PERSONAL NAME | |
| Personal name | गर्ग लक्ष्मीनारायण |
| 730 ## - ADDED ENTRY--UNIFORM TITLE | |
| Uniform title | आयुर्वेद: विभिन्न पहलू |
| 942 ## - ADDED ENTRY ELEMENTS (KOHA) | |
| Koha item type | Book |
| Withdrawn status | Lost status | Damaged status | Not for loan | Home library | Current library | Date acquired | Cost, normal purchase price | Total Checkouts | Full call number | Barcode | Date last seen | Cost, replacement price | Price effective from | Koha item type |
|---|---|---|---|---|---|---|---|---|---|---|---|---|---|---|
| Hirachand Nemchand Wachanalaya, Solapur | Hirachand Nemchand Wachanalaya, Solapur | 11/21/2015 | 35.00 | HNW-77789 | HNW-77789 | 11/21/2015 | 35.00 | 11/21/2015 | Book |